<?xml version="1.0" encoding="UTF-8"?>
<record
    xmlns:xsi="http://www.w3.org/2001/XMLSchema-instance"
    xsi:schemaLocation="http://www.loc.gov/MARC21/slim http://www.loc.gov/standards/marcxml/schema/MARC21slim.xsd"
    xmlns="http://www.loc.gov/MARC21/slim">

  <leader>00497nam a22001577a 4500</leader>
  <controlfield tag="005">20150512111150.0</controlfield>
  <controlfield tag="008">150512b        xxu||||| |||| 00| 0 eng d</controlfield>
  <datafield tag="040" ind1=" " ind2=" ">
    <subfield code="c">PK-LaUMT</subfield>
  </datafield>
  <datafield tag="082" ind1=" " ind2=" ">
    <subfield code="a">KHC 954.918</subfield>
    <subfield code="b">BHE-Q</subfield>
  </datafield>
  <datafield tag="100" ind1=" " ind2=" ">
    <subfield code="a">&#x628;&#x6BE;&#x6CC;&#x631;&#x648;&#x645;&#x644; &#x645;&#x6C1;&#x631; &#x686;&#x646;&#x62F; &#x622;&#x688;&#x648;&#x627;&#x646;&#x6CC;</subfield>
  </datafield>
  <datafield tag="245" ind1=" " ind2=" ">
    <subfield code="a">&#x642;&#x62F;&#x6CC;&#x645; &#x633;&#x646;&#x62F;&#x6BE;</subfield>
    <subfield code="c">&#x628;&#x6BE;&#x6CC;&#x631;&#x648;&#x645;&#x644; &#x645;&#x6C1;&#x631; &#x686;&#x646;&#x62F; &#x622;&#x688;&#x648;&#x627;&#x646;&#x6CC;</subfield>
  </datafield>
  <datafield tag="260" ind1=" " ind2=" ">
    <subfield code="a">&#x633;&#x646;&#x62F;&#x6BE;</subfield>
    <subfield code="b">&#x633;&#x646;&#x62F;&#x6BE;&#x6CC; &#x627;&#x62F;&#x628;&#x6CC; &#x628;&#x648;&#x631;&#x688;</subfield>
    <subfield code="c">2007</subfield>
  </datafield>
  <datafield tag="300" ind1=" " ind2=" ">
    <subfield code="a">360 &#x635;</subfield>
  </datafield>
  <datafield tag="700" ind1=" " ind2=" ">
    <subfield code="a">&#x645;&#x62E;&#x62A;&#x6CC;&#x627;&#x631; &#x627;&#x62D;&#x645;&#x62F; &#x62D;&#x627;&#x62C;&#x627;&#x646;&#x648;(&#x645;&#x62A;&#x631;&#x62C;&#x645;</subfield>
  </datafield>
  <datafield tag="942" ind1=" " ind2=" ">
    <subfield code="c">BK</subfield>
  </datafield>
  <datafield tag="999" ind1=" " ind2=" ">
    <subfield code="c">71023</subfield>
    <subfield code="d">71023</subfield>
  </datafield>
  <datafield tag="952" ind1=" " ind2=" ">
    <subfield code="0">0</subfield>
    <subfield code="1">0</subfield>
    <subfield code="4">0</subfield>
    <subfield code="7">0</subfield>
    <subfield code="a">01</subfield>
    <subfield code="b">01</subfield>
    <subfield code="d">2015-05-12</subfield>
    <subfield code="l">0</subfield>
    <subfield code="o">KHC 954.918 BHE-Q</subfield>
    <subfield code="p">71958</subfield>
    <subfield code="r">2015-05-12 00:00:00</subfield>
    <subfield code="w">2015-05-12</subfield>
    <subfield code="y">BK</subfield>
  </datafield>
</record>
